=LDR 00000nam 2200000 4500 =001 INLIS000000000005521 =005 20251017084751 =035 ##$$a 0010-1025000576 =007 ta =008 251017###########################0#ind## =082 ##$$a 363.97 =084 ##$$a 363.97 BAD d =100 #$$a Badan Koordinasi Keluarga Berencana Nasional =245 1#$$a Daya Dukung Koperasi Unit Desa Keluarga Berencana Dalam Usaha Pertanian Tangguh /$c Badan Koordinasi Keluarga Berencana Nasional =260 ##$:$b Badan Koordinasi Keluarga Berencana Nasional =300 ##$$a 28 Hal ; $c 21 =650 #4$$a Keluarga Berencana =856 ##$$a Perpustakaan Kemendukbangga